000
00264 a2200133 4500
001
30065
010
_a
26109
082
_a
539NOR
090
_c
20016
_d
20016
100
_a
Norwood
245
_a
20th Century physics
260
_b
Prentice Hall
856
_3
26109
942
_a
NUST-CAE
_k
539NOR
999
_c
265138
_d
265138